Phases de la Lune - Statistiques

Statistiques générales
  • Ce quiz a été pris 823 fois
  • Le résultat moyen est 3 sur 8
Statistiques - réponses
Phase % Correct
Pleine lune
89%
Nouvelle lune
67%
Premier croissant
43%
Dernier croissant
33%
Premier quartier
28%
Dernier quartier
23%
Lune gibbeuse croissante
18%
Lune gibbeuse décroissante
17%
Aucun quiz correspondant
Distribution des résultats
% des personnes avec chaque résultat
Percentile par nombre de réponses
Votre historique - résultats
Vous n’avez pas pris ce quiz